| 000 | 00820nam a22002297a 4500 | ||
|---|---|---|---|
| 999 |
_c477 _d477 |
||
| 005 | 20190816082645.0 | ||
| 008 | 190816b ||||| |||| 00| 0 eng d | ||
| 020 |
_a9781780622149 _qhbk. |
||
| 040 | _cKH8 | ||
| 082 | _a921 YOU | ||
| 100 |
_a Yousafzai, Malala _d1997- |
||
| 245 |
_aMalala : _bThe Girl Who Stood Up for Education and Changed the World / _cMalala Yousafzai, Patricia McCormick. |
||
| 260 |
_aLondon : _bIndigo, _c2014. |
||
| 300 |
_a245 p. ; _bill. : map ; _c24 cm. |
||
| 500 | _aIncludes Mala Discussion notes p. 233-244 | ||
| 500 | _aGlossary | ||
| 650 |
_aYousafzai, Malala _v1997 _xJuvenile literature. |
||
| 650 |
_aTaliban _vJuvenile literature. |
||
| 650 |
_aGirls _vEducation _xPakistan _yJuvenile literature. _zSwāt District |
||
| 700 |
_aMcCormick, Patricia _eauthor |
||
| 942 |
_2ddc _cNFIC |
||